[Event "Stay Safe Play From Home 157"]
[Site "T#646177Emanuel Laske"]
[Date "2020.05.19"]
[Round "6"]
[White "Matanant"]
[Black "Haris kollari 13"]
[Result "0-1"]
[WhiteElo "1603"]
[BlackElo "1682"]
[Annotator "NA"]
[PlyCount "72"]
[EventDate "2020.05.19"]
[EventType "swiss (blitz)"]

1. b3 {[%emt 0:00:01]} e6 {[%emt 0:00:00]} 2. Bb2 {[%emt 0:00:02]} d5 {[%emt 0:00:00]} 3. e3 {[%emt 0:00:01]} c5 {[%emt 0:00:00]} 4. f4 {[%emt 0:00:00]} Nc6 {[%emt 0:00:01]} 5. Nf3 {[%emt 0:00:00]} f5 {[%emt 0:00:01]} 6. Bb5 {[%emt 0:00:00]} Nf6 {[%emt 0:00:01]} 7. Bxc6+ {[%emt 0:00:01]} bxc6 {[%emt 0:00:01]} 8. O-O {[%emt 0:00:00]} Bd7 {[%emt 0:00:01]} 9. Ne5 {[%emt 0:00:00]} Bd6 {[%emt 0:00:01]} 10. g4 {[%emt 0:00:01]} Bxe5 {[%emt 0:00:03]} 11. Bxe5 {[%emt 0:00:02]} Nxg4 {[%emt 0:00:01]} 12. Bxg7 {[%emt 0:00:01]} Rg8 {[%emt 0:00:01]} 13. h3 {[%emt 0:00:06]} Qh4 {[%emt 0:00:06]} 14. hxg4 {[%emt 0:00:02]} Rxg7 {[%emt 0:00:01]} 15. Rf2 {[%emt 0:00:02]} Rxg4+ {[%emt 0:00:02]} 16. Rg2 {[%emt 0:00:01]} Rxg2+ {[%emt 0:00:02]} 17. Kxg2 {[%emt 0:00:01]} O-O-O {[%emt 0:00:00]} 18. Qf3 {[%emt 0:00:05]} Rg8+ {[%emt 0:00:01]} 19. Kf1 {[%emt 0:00:01]} Rg3 {[%emt 0:00:03]} 20. Qf2 {[%emt 0:00:02]} Qh1+ {[%emt 0:00:02]} 21. Ke2 {[%emt 0:00:02]} Rg2 {[%emt 0:00:01]} 22. Qxg2 {[%emt 0:00:05]} Qxg2+ {[%emt 0:00:01]} 23. Kd3 {[%emt 0:00:00]} Qf1+ {[%emt 0:00:01]} 24. Kc3 {[%emt 0:00:02]} d4+ {[%emt 0:00:01]} 25. Kb2 {[%emt 0:00:00]} dxe3 {[%emt 0:00:01]} 26. dxe3 {[%emt 0:00:01]} Qe1 {[%emt 0:00:02]} 27. Nc3 {[%emt 0:00:00]} Qxe3 {[%emt 0:00:01]} 28. Rh1 {[%emt 0:00:02]} Qxf4 {[%emt 0:00:01]} 29. Rxh7 {[%emt 0:00:02]} Qe5 {[%emt 0:00:01]} 30. Rh5 {[%emt 0:00:04]} Be8 {[%emt 0:00:01]} 31. Rh3 {[%emt 0:00:02]} f4 {[%emt 0:00:02]} 32. a4 {[%emt 0:00:00]} Qf5 {[%emt 0:00:02]} 33. Rd3 {[%emt 0:00:04]} e5 {[%emt 0:00:01]} 34. Rd2 {[%emt 0:00:03]} e4 {[%emt 0:00:01]} 35. Nd1 {[%emt 0:00:03]} e3 {[%emt 0:00:01]} 36. Rd3 {[%emt 0:00:01]} Qxd3 {[%emt 0:00:02] (Lag: Av=0.56s, max=0.7s) Time} 0-1

[Event "Stay Safe Play From Home 157"]
[Site "T#646177Emanuel Laske"]
[Date "2020.05.19"]
[Round "7"]
[White "Lamborghini"]
[Black "BrainThinker22"]
[Result "1-0"]
[WhiteElo "2312"]
[BlackElo "2238"]
[Annotator "NA"]
[PlyCount "105"]
[EventDate "2020.05.19"]
[EventType "swiss (blitz)"]

1. e4 {[%emt 0:00:02]} c6 {[%emt 0:00:00]} 2. d4 {[%emt 0:00:01]} d5 {[%emt 0:00:00]} 3. Nc3 {[%emt 0:00:00]} dxe4 {[%emt 0:00:00]} 4. Nxe4 {[%emt 0:00:00]} Bf5 {[%emt 0:00:01]} 5. Ng3 {[%emt 0:00:01]} Bg6 {[%emt 0:00:00]} 6. h4 {[%emt 0:00:00]} h6 {[%emt 0:00:00]} 7. Nf3 {[%emt 0:00:00]} Nd7 {[%emt 0:00:03]} 8. h5 {[%emt 0:00:00]} Bh7 {[%emt 0:00:00]} 9. Bd3 {[%emt 0:00:00]} Bxd3 {[%emt 0:00:00]} 10. Qxd3 {[%emt 0:00:00]} e6 {[%emt 0:00:00]} 11. Bf4 {[%emt 0:00:01]} Qa5+ {[%emt 0:00:01]} 12. Bd2 {[%emt 0:00:02]} Bb4 {[%emt 0:00:01]} 13. c3 {[%emt 0:00:00]} Be7 {[%emt 0:00:00]} 14. c4 {[%emt 0:00:01]} Qc7 {[%emt 0:00:00]} 15. O-O-O {[%emt 0:00:01]} Ngf6 {[%emt 0:00:00]} 16. Kb1 {[%emt 0:00:01]} O-O-O {[%emt 0:00:01]} 17. Qe2 {[%emt 0:00:03]} c5 {[%emt 0:00:01]} 18. Bc3 {[%emt 0:00:02]} Rhe8 {[%emt 0:00:00]} 19. a3 {[%emt 0:00:02]} Qc6 {[%emt 0:00:04]} 20. Rhe1 {[%emt 0:00:02]} Kb8 {[%emt 0:00:04]} 21. Ne5 {[%emt 0:00:02]} Nxe5 {[%emt 0:00:02]} 22. dxe5 {[%emt 0:00:00]} Nd7 {[%emt 0:00:01]} 23. f4 {[%emt 0:00:01]} Nb6 {[%emt 0:00:01]} 24. Ne4 {[%emt 0:00:01]} Bh4 {[%emt 0:00:07]} 25. g3 {[%emt 0:00:01]} Be7 {[%emt 0:00:00]} 26. b3 {[%emt 0:00:01]} Rd7 {[%emt 0:00:04]} 27. Rxd7 {[%emt 0:00:02]} Nxd7 {[%emt 0:00:00]} 28. Rd1 {[%emt 0:00:01]} Rd8 {[%emt 0:00:01]} 29. Kb2 {[%emt 0:00:01]} Nb6 {[%emt 0:00:01]} 30. Rxd8+ {[%emt 0:00:02]} Bxd8 {[%emt 0:00:00]} 31. Qd3 {[%emt 0:00:01]} Be7 {[%emt 0:00:06]} 32. g4 {[%emt 0:00:01]} Qd7 {[%emt 0:00:02]} 33. Kc2 {[%emt 0:00:01]} Qxd3+ {[%emt 0:00:02]} 34. Kxd3 {[%emt 0:00:00]} Kc7 {[%emt 0:00:01]} 35. Bd2 {[%emt 0:00:01]} Kc6 {[%emt 0:00:01]} 36. f5 {[%emt 0:00:01]} Nd7 {[%emt 0:00:01]} 37. Bf4 {[%emt 0:00:02]} exf5 {[%emt 0:00:01]} 38. gxf5 {[%emt 0:00:01]} f6 {[%emt 0:00:00]} 39. e6 {[%emt 0:00:01]} Nf8 {[%emt 0:00:01]} 40. Ng3 {[%emt 0:00:01]} Nh7 {[%emt 0:00:01]} 41. Ke4 {[%emt 0:00:01]} Ng5+ {[%emt 0:00:00]} 42. Bxg5 {[%emt 0:00:01]} hxg5 {[%emt 0:00:00]} 43. h6 {[%emt 0:00:01]} gxh6 {[%emt 0:00:01]} 44. Nh5 {[%emt 0:00:00]} Kd6 {[%emt 0:00:01]} 45. Kf3 {[%emt 0:00:01]} a6 {[%emt 0:00:01]} 46. Kg4 {[%emt 0:00:00]} b5 {[%emt 0:00:00]} 47. Ng7 {[%emt 0:00:01]} bxc4 {[%emt 0:00:01]} 48. bxc4 {[%emt 0:00:01]} Ke5 {[%emt 0:00:00]} 49. Ne8 {[%emt 0:00:01]} Bd6 {[%emt 0:00:01]} 50. Nc7 {[%emt 0:00:00]} Bxc7 {[%emt 0:00:01]} 51. e7 {[%emt 0:00:01]} Kd6 {[%emt 0:00:00]} 52. e8=Q {[%emt 0:00:00]} Bd8 {[%emt 0:00:01]} 53. Qe6+ {[%emt 0:00:00] Time (Lag: Av=0.37s, max=1.0s)} 1-0

[Event "Stay Safe Play From Home 157"]
[Site "T#646177Emanuel Laske"]
[Date "2020.05.19"]
[Round "7"]
[White "Mepe_Nika"]
[Black "Ionutn28"]
[Result "1-0"]
[WhiteElo "2253"]
[BlackElo "1758"]
[Annotator "NA"]
[PlyCount "63"]
[EventDate "2020.05.19"]
[EventType "swiss (blitz)"]

1. e4 {[%emt 0:00:01]} c5 {[%emt 0:00:01]} 2. Nf3 {[%emt 0:00:01]} d6 {[%emt 0:00:01]} 3. d4 {[%emt 0:00:00]} Nf6 {[%emt 0:00:00]} 4. Nc3 {[%emt 0:00:02]} cxd4 {[%emt 0:00:01]} 5. Qxd4 {[%emt 0:00:01]} a6 {[%emt 0:00:00]} 6. e5 {[%emt 0:00:03]} Nc6 {[%emt 0:00:01]} 7. Qa4 {[%emt 0:00:01]} dxe5 {[%emt 0:00:01]} 8. Nxe5 {[%emt 0:00:01]} Bd7 {[%emt 0:00:00]} 9. Nxd7 {[%emt 0:00:01]} Qxd7 {[%emt 0:00:01]} 10. Be2 {[%emt 0:00:01]} e6 {[%emt 0:00:01]} 11. O-O {[%emt 0:00:01]} Be7 {[%emt 0:00:00]} 12. Rd1 {[%emt 0:00:01]} Qc7 {[%emt 0:00:01]} 13. Bf4 {[%emt 0:00:01]} Qb6 {[%emt 0:00:03]} 14. Ne4 {[%emt 0:00:07]} Nxe4 {[%emt 0:00:05]} 15. Qxe4 {[%emt 0:00:00]} O-O {[%emt 0:00:01]} 16. Rd7 {[%emt 0:00:01]} Bf6 {[%emt 0:00:03]} 17. Bd3 {[%emt 0:00:01]} g6 {[%emt 0:00:02]} 18. Rb1 {[%emt 0:00:02]} Rfd8 {[%emt 0:00:03]} 19. Bc7 {[%emt 0:00:02]} Qb4 {[%emt 0:00:12]} 20. Bxd8 {[%emt 0:00:02]} Rxd8 {[%emt 0:00:01]} 21. Rxd8+ {[%emt 0:00:01]} Bxd8 {[%emt 0:00:00]} 22. Qxb4 {[%emt 0:00:01]} Nxb4 {[%emt 0:00:00]} 23. a3 {[%emt 0:00:01]} Nxd3 {[%emt 0:00:01]} 24. cxd3 {[%emt 0:00:00]} b5 {[%emt 0:00:01]} 25. Rc1 {[%emt 0:00:01]} Bf6 {[%emt 0:00:01]} 26. Rc6 {[%emt 0:00:01]} Bxb2 {[%emt 0:00:01]} 27. Rxa6 {[%emt 0:00:00]} Kg7 {[%emt 0:00:02]} 28. Kf1 {[%emt 0:00:00]} Kf6 {[%emt 0:00:01]} 29. Ke2 {[%emt 0:00:00]} Ke5 {[%emt 0:00:01]} 30. Ra5 {[%emt 0:00:01]} f6 {[%emt 0:00:02]} 31. Rxb5+ {[%emt 0:00:01]} Kd4 {[%emt 0:00:03]} 32. Rxb2 {[%emt 0:00:00] Ionutn28 resigns (Lag: Av=0.59s, max=1.2s)} 1-0

[Event "Stay Safe Play From Home 157"]
[Site "T#646177Emanuel Laske"]
[Date "2020.05.19"]
[Round "7"]
[White "Little champs"]
[Black "Fischer_11"]
[Result "1-0"]
[WhiteElo "2221"]
[BlackElo "2159"]
[Annotator "NA"]
[PlyCount "115"]
[EventDate "2020.05.19"]
[EventType "swiss (blitz)"]

1. d4 {[%emt 0:00:02]} e5 {[%emt 0:00:01]} 2. e3 {[%emt 0:00:00]} exd4 {[%emt 0:00:01]} 3. exd4 {[%emt 0:00:01]} d5 {[%emt 0:00:01]} 4. Nf3 {[%emt 0:00:00]} c6 {[%emt 0:00:00]} 5. Be2 {[%emt 0:00:00]} Be7 {[%emt 0:00:00]} 6. O-O {[%emt 0:00:00]} Nf6 {[%emt 0:00:00]} 7. c4 {[%emt 0:00:00]} O-O {[%emt 0:00:00]} 8. cxd5 {[%emt 0:00:00]} Nxd5 {[%emt 0:00:01]} 9. Nc3 {[%emt 0:00:00]} Nxc3 {[%emt 0:00:00]} 10. bxc3 {[%emt 0:00:01]} Bg4 {[%emt 0:00:00]} 11. h3 {[%emt 0:00:00]} Bf5 {[%emt 0:00:01]} 12. Ne5 {[%emt 0:00:00]} Nd7 {[%emt 0:00:02]} 13. f4 {[%emt 0:00:00]} Bf6 {[%emt 0:00:01]} 14. Bd3 {[%emt 0:00:01]} Bxd3 {[%emt 0:00:01]} 15. Nxd3 {[%emt 0:00:01]} g6 {[%emt 0:00:03]} 16. Ne5 {[%emt 0:00:01]} Bg7 {[%emt 0:00:00]} 17. Rb1 {[%emt 0:00:01]} Nxe5 {[%emt 0:00:06]} 18. fxe5 {[%emt 0:00:01]} b6 {[%emt 0:00:00] Fischer_11 bietet Remis} 19. Qf3 {[%emt 0:00:02]} c5 {[%emt 0:00:02]} 20. Ba3 {[%emt 0:00:01]} Qe7 {[%emt 0:00:09]} 21. Rbd1 {[%emt 0:00:02]} Rfd8 {[%emt 0:00:03]} 22. Rd2 {[%emt 0:00:02]} Qd7 {[%emt 0:00:02]} 23. Rfd1 {[%emt 0:00:02]} Qa4 {[%emt 0:00:01]} 24. Bc1 {[%emt 0:00:04]} cxd4 {[%emt 0:00:01]} 25. cxd4 {[%emt 0:00:01]} Rac8 {[%emt 0:00:04]} 26. Qb3 {[%emt 0:00:03]} Qxb3 {[%emt 0:00:02]} 27. axb3 {[%emt 0:00:01]} Rd5 {[%emt 0:00:00]} 28. Ba3 {[%emt 0:00:01]} Rcd8 {[%emt 0:00:00]} 29. Bd6 {[%emt 0:00:01]} Bf8 {[%emt 0:00:03]} 30. Bxf8 {[%emt 0:00:01]} Kxf8 {[%emt 0:00:00]} 31. Kf2 {[%emt 0:00:00]} a5 {[%emt 0:00:01]} 32. Ke3 {[%emt 0:00:00]} b5 {[%emt 0:00:00]} 33. Ke4 {[%emt 0:00:00]} f5+ {[%emt 0:00:02]} 34. exf6 {[%emt 0:00:01]} Kf7 {[%emt 0:00:01]} 35. Ra1 {[%emt 0:00:02]} a4 {[%emt 0:00:02]} 36. bxa4 {[%emt 0:00:01]} bxa4 {[%emt 0:00:00]} 37. Rxa4 {[%emt 0:00:01]} Kxf6 {[%emt 0:00:00]} 38. Ra6+ {[%emt 0:00:01]} Kg7 {[%emt 0:00:00]} 39. Ra7+ {[%emt 0:00:01]} Kh6 {[%emt 0:00:01]} 40. Rd3 {[%emt 0:00:00]} R5d7 {[%emt 0:00:00]} 41. Rxd7 {[%emt 0:00:01]} Rxd7 {[%emt 0:00:00]} 42. Ke5 {[%emt 0:00:00]} Re7+ {[%emt 0:00:00]} 43. Kf6 {[%emt 0:00:00]} Re8 {[%emt 0:00:02]} 44. d5 {[%emt 0:00:00]} Rf8+ {[%emt 0:00:00]} 45. Ke7 {[%emt 0:00:01]} Rd8 {[%emt 0:00:00]} 46. Kxd8 {[%emt 0:00:01]} Kg5 {[%emt 0:00:00]} 47. d6 {[%emt 0:00:00]} h5 {[%emt 0:00:00]} 48. d7 {[%emt 0:00:00]} Kf4 {[%emt 0:00:00]} 49. Ke7 {[%emt 0:00:00]} g5 {[%emt 0:00:00]} 50. Rd6 {[%emt 0:00:01]} Ke4 {[%emt 0:00:00]} 51. d8=Q {[%emt 0:00:00]} g4 {[%emt 0:00:00]} 52. Re6+ {[%emt 0:00:01]} Kf4 {[%emt 0:00:01]} 53. Qd4+ {[%emt 0:00:01]} Kg3 {[%emt 0:00:00]} 54. Re3+ {[%emt 0:00:01]} Kh2 {[%emt 0:00:00]} 55. hxg4 {[%emt 0:00:01]} hxg4 {[%emt 0:00:00]} 56. Qf4+ {[%emt 0:00:01]} g3 {[%emt 0:00:00]} 57. Qxg3+ {[%emt 0:00:01]} Kg1 {[%emt 0:00:00]} 58. Re1# {[%emt 0:00:01] (Lag: Av=0.56s, max=1.3s)} 1-0

[Event "Stay Safe Play From Home 157"]
[Site "T#646177Emanuel Laske"]
[Date "2020.05.19"]
[Round "7"]
[White "Toosieslide"]
[Black "XShot"]
[Result "0-1"]
[WhiteElo "2184"]
[BlackElo "2486"]
[Annotator "TA"]
[PlyCount "112"]
[EventDate "2020.05.19"]
[EventType "swiss (blitz)"]

{[%evp 9,111,11,39,34,62,39,73,45,51,30,49,51,63,47,68,84,77,79,73,7,85,88,114,46,50,7,12,11,6,0,58,45,58,58,65,59,72,75,89,16,16,-29,-22,-14,-26,-41,-31,-53,-34,-35,-25,-22,-22,-34,-33,-89,-90,-160,-156,-149,-75,-169,0,0,0,-168,-162,-172,-167,-166,-65,-662,-660,-571,0,-1183,-785,-703,-666,-1166,-1164,-1172,-1170,-1129,-1083,-5506,-2087,-29988,-29989,-29989,-29990,-29990,-29991,-29993,-29992,-29993,-29992,-29992,-29993,-29997,-29998,-29998,-29999,-29999]} 1. d4 c6 2. c3 d5 3. Nf3 Nf6 4. Bf4 Bg4 5. Nbd2 {[#]} Bh5 $146 ({Predecessor:} 5... Nbd7 6. h3 Bh5 7. e3 e6 8. Be2 Be7 9. O-O O-O 10. Re1 c5 11. Ne5 Bg6 12. Nxg6 hxg6 {½-½ (71) Bryzgalin,K (2424)-Artemiev,V (2663) Sochi 2016}) 6. e3 {D02: 1 d4 d5 2 Nf3 sidelines, including 2...Nf6 3 g3 and 2...Nf6 3 Bf4.} Bg6 7. Be2 e6 8. O-O {White is better.} Bd6 9. Ne5 Bxe5 10. Bxe5 Nbd7 11. Bd6 Ne4 12. Nxe4 Bxe4 13. f3 Bg6 14. e4 (14. Qe1 $16) 14... Nf6 (14... dxe4 $11 {remains equal.} 15. fxe4 Bxe4) 15. e5 $16 Nd7 16. Bd3 (16. a4 $16) 16... Nb6 17. Bxg6 hxg6 18. b3 Nc8 19. Ba3 Ne7 (19... Qh4 $11) 20. g3 Nf5 {Black wants to play ...Ne3.} 21. Qe2 Qg5 22. Bc1 Qe7 ({Of course not} 22... Nxg3 $6 23. hxg3 (23. Bxg5 $2 {perishes.} Nxe2+ 24. Kg2 Nxc3 $19) 23... Qxg3+ 24. Qg2 $16) 23. g4 Nh4 24. Qf2 (24. f4 $16) 24... g5 $11 25. Be3 f6 26. exf6 gxf6 27. Rae1 Kd7 28. Qg3 Rag8 29. Re2 Qd6 30. Qxd6+ Kxd6 31. Ref2 f5 32. gxf5 ({White should play} 32. Re2 $15) 32... exf5 $17 33. Kh1 (33. Re1 $142) 33... f4 34. Bd2 Nf5 (34... Ke7 $142 35. Re2+ Kf6) 35. Rg1 (35. Re1 $17 {is a better defense.}) 35... Ng3+ 36. Kg2 Nf5 $36 {[%mdl 2048] Black fights for an advantage.} 37. Kh1 {With the idea Rxg5.} Ke6 38. Re2+ Kf6 {Threatens to win with ...Ng3+.} 39. Re5 Rh3 (39... Rh4 $19 {And now ...Rgh8 would win.} 40. Kg2 Rgh8) 40. Kg2 $2 {[%mdl 8192]} (40. Bxf4 $15 Rxf3 41. Bd2) 40... Rgh8 $19 41. Rh1 {[#] and the idea Ree1 leaves White hopeful.} Nh4+ $2 (41... Ng3 $1 $19 {[%mdl 512]} 42. Ree1 (42. hxg3 Rxg3+) 42... Nxh1 43. Rxh1 b5) 42. Kf2 $2 {[%mdl 8192]} (42. Kxh3 $11 Nxf3+ {[%mdl 64] Double Attack} 43. Kg2 Nxd2 44. Rd1) 42... Rxf3+ 43. Ke2 Rh3 44. Be1 Nf3 45. Bf2 Nxe5 46. dxe5+ {[%mdl 4096] Endgame KRR-KRB} Ke6 47. Bd4 g4 (47... Rxh2+ $142 48. Rxh2 Rxh2+ 49. Ke1 Rxa2) 48. Kf2 Rxh2+ {Black mates.} 49. Rxh2 Rxh2+ {KR-KB} 50. Kg1 g3 51. c4 dxc4 52. bxc4 a6 53. Bb6 f3 54. Bc7 Rc2 {[%cal Rc2c1]} 55. Ba5 Rc1+ 56. Be1 Rxe1# {Accuracy: White = 55%, Black = 67%.} 0-1

[Event "Stay Safe Play From Home 157"]
[Site "T#646177Emanuel Laske"]
[Date "2020.05.19"]
[Round "7"]
[White "Lazieri3"]
[Black "SoulofWolf"]
[Result "0-1"]
[WhiteElo "2098"]
[BlackElo "2142"]
[Annotator "NA"]
[PlyCount "82"]
[EventDate "2020.05.19"]
[EventType "swiss (blitz)"]

1. e4 {[%emt 0:00:01]} e6 {[%emt 0:00:00]} 2. Nc3 {[%emt 0:00:00]} d5 {[%emt 0:00:00]} 3. d4 {[%emt 0:00:00]} Bb4 {[%emt 0:00:02]} 4. e5 {[%emt 0:00:01]} c5 {[%emt 0:00:00]} 5. Nf3 {[%emt 0:00:01]} Bxc3+ {[%emt 0:00:00]} 6. bxc3 {[%emt 0:00:01]} Ne7 {[%emt 0:00:01]} 7. c4 {[%emt 0:00:02]} Nbc6 {[%emt 0:00:01]} 8. cxd5 {[%emt 0:00:02]} Nxd5 {[%emt 0:00:00]} 9. dxc5 {[%emt 0:00:02]} O-O {[%emt 0:00:01]} 10. Bd3 {[%emt 0:00:02]} a5 {[%emt 0:00:01]} 11. O-O {[%emt 0:00:01]} g6 {[%emt 0:00:02]} 12. Bh6 {[%emt 0:00:03]} Re8 {[%emt 0:00:00]} 13. h4 {[%emt 0:00:02]} Ncb4 {[%emt 0:00:00]} 14. h5 {[%emt 0:00:01]} Qc7 {[%emt 0:00:07]} 15. hxg6 {[%emt 0:00:03]} fxg6 {[%emt 0:00:00]} 16. Be4 {[%emt 0:00:05]} Qxc5 {[%emt 0:00:01]} 17. Ng5 {[%emt 0:00:06]} Nc3 {[%emt 0:00:16]} 18. Qf3 {[%emt 0:00:04]} Qe7 {[%emt 0:00:06]} 19. Rad1 {[%emt 0:00:05]} Nxe4 {[%emt 0:00:02]} 20. Nxe4 {[%emt 0:00:00]} Kh8 {[%emt 0:00:02]} 21. Nf6 {[%emt 0:00:01]} Rd8 {[%emt 0:00:02]} 22. Rxd8+ {[%emt 0:00:02]} Qxd8 {[%emt 0:00:00]} 23. Rd1 {[%emt 0:00:01]} Qe7 {[%emt 0:00:01]} 24. a3 {[%emt 0:00:06]} Nd5 {[%emt 0:00:01]} 25. Nxd5 {[%emt 0:00:02]} exd5 {[%emt 0:00:00]} 26. Rxd5 {[%emt 0:00:01]} Be6 {[%emt 0:00:00]} 27. Rd6 {[%emt 0:00:01]} Re8 {[%emt 0:00:01]} 28. Qf6+ {[%emt 0:00:01]} Qxf6 {[%emt 0:00:01]} 29. exf6 {[%emt 0:00:00]} Bf7 {[%emt 0:00:01]} 30. Rd7 {[%emt 0:00:01]} Kg8 {[%emt 0:00:00]} 31. Rxb7 {[%emt 0:00:01]} g5 {[%emt 0:00:01]} 32. f3 {[%emt 0:00:00]} a4 {[%emt 0:00:01]} 33. Bxg5 {[%emt 0:00:00]} h5 {[%emt 0:00:02]} 34. Bf4 {[%emt 0:00:00]} Rf8 {[%emt 0:00:01]} 35. Bg5 {[%emt 0:00:00]} Kh7 {[%emt 0:00:01]} 36. f4 {[%emt 0:00:00]} Kg6 {[%emt 0:00:00]} 37. Kh2 {[%emt 0:00:00]} h4 {[%emt 0:00:01]} 38. g3 {[%emt 0:00:00]} h3 {[%emt 0:00:00]} 39. Kxh3 {[%emt 0:00:00]} Kf5 {[%emt 0:00:00]} 40. Kg2 {[%emt 0:00:00]} Re8 {[%emt 0:00:00]} 41. Kf2 {[%emt 0:00:00]} Ke4 {[%emt 0:00:00] Time (Lag: Av=0.43s, max=1.2s)} 0-1

[Event "Stay Safe Play From Home 157"]
[Site "T#646177Emanuel Laske"]
[Date "2020.05.19"]
[Round "7"]
[White "SecantFX"]
[Black "Weltszmerc"]
[Result "1-0"]
[WhiteElo "1938"]
[BlackElo "2038"]
[Annotator "NA"]
[PlyCount "91"]
[EventDate "2020.05.19"]
[EventType "swiss (blitz)"]

1. g3 {[%emt 0:00:02]} Nf6 {[%emt 0:00:01]} 2. Bg2 {[%emt 0:00:01]} d5 {[%emt 0:00:00]} 3. f4 {[%emt 0:00:00]} c6 {[%emt 0:00:00]} 4. Nf3 {[%emt 0:00:01]} Bg4 {[%emt 0:00:00]} 5. O-O {[%emt 0:00:00]} Bxf3 {[%emt 0:00:00]} 6. Bxf3 {[%emt 0:00:00]} Nbd7 {[%emt 0:00:01]} 7. d3 {[%emt 0:00:00]} e5 {[%emt 0:00:00]} 8. b3 {[%emt 0:00:00]} exf4 {[%emt 0:00:01]} 9. Bxf4 {[%emt 0:00:00]} Bc5+ {[%emt 0:00:01]} 10. d4 {[%emt 0:00:01]} Be7 {[%emt 0:00:01]} 11. c3 {[%emt 0:00:01]} O-O {[%emt 0:00:00]} 12. Bg5 {[%emt 0:00:00]} Ne4 {[%emt 0:00:01]} 13. Bxe7 {[%emt 0:00:01]} Qxe7 {[%emt 0:00:00]} 14. Qc2 {[%emt 0:00:02]} f5 {[%emt 0:00:01]} 15. Nd2 {[%emt 0:00:02]} Ndf6 {[%emt 0:00:01]} 16. Bg2 {[%emt 0:00:01]} Nxd2 {[%emt 0:00:02]} 17. Qxd2 {[%emt 0:00:01]} g6 {[%emt 0:00:01]} 18. e3 {[%emt 0:00:02]} Rae8 {[%emt 0:00:01]} 19. Rae1 {[%emt 0:00:01]} Ng4 {[%emt 0:00:01]} 20. h3 {[%emt 0:00:02]} Nxe3 {[%emt 0:00:01]} 21. Rf3 {[%emt 0:00:02]} Nxg2 {[%emt 0:00:02]} 22. Rxe7 {[%emt 0:00:03]} Rxe7 {[%emt 0:00:01]} 23. Kxg2 {[%emt 0:00:01]} Rfe8 {[%emt 0:00:00]} 24. Rf2 {[%emt 0:00:01]} Re1 {[%emt 0:00:01]} 25. Qf4 {[%emt 0:00:01]} R8e7 {[%emt 0:00:03]} 26. g4 {[%emt 0:00:01]} R1e4 {[%emt 0:00:05]} 27. Qg5 {[%emt 0:00:03]} fxg4 {[%emt 0:00:03]} 28. hxg4 {[%emt 0:00:02]} R4e6 {[%emt 0:00:01]} 29. Qf4 {[%emt 0:00:01]} Re8 {[%emt 0:00:03]} 30. Qf7+ {[%emt 0:00:01]} Kh8 {[%emt 0:00:00]} 31. g5 {[%emt 0:00:00]} R6e7 {[%emt 0:00:01]} 32. Qf6+ {[%emt 0:00:01]} Kg8 {[%emt 0:00:01]} 33. Qf4 {[%emt 0:00:02]} a6 {[%emt 0:00:04]} 34. Qf6 {[%emt 0:00:01]} Re2 {[%emt 0:00:07]} 35. Qf7+ {[%emt 0:00:01]} Kh8 {[%emt 0:00:00]} 36. Rxe2 {[%emt 0:00:02]} Rxe2+ {[%emt 0:00:01]} 37. Kf3 {[%emt 0:00:00]} h5 {[%emt 0:00:01]} 38. Qxg6 {[%emt 0:00:02]} Rb2 {[%emt 0:00:03]} 39. Qxh5+ {[%emt 0:00:02]} Kg8 {[%emt 0:00:00]} 40. Qg6+ {[%emt 0:00:01]} Kf8 {[%emt 0:00:01]} 41. Qf6+ {[%emt 0:00:01]} Ke8 {[%emt 0:00:00]} 42. g6 {[%emt 0:00:00]} Rb1 {[%emt 0:00:01]} 43. Qf7+ {[%emt 0:00:01]} Kd8 {[%emt 0:00:02]} 44. Qf8+ {[%emt 0:00:01]} Kd7 {[%emt 0:00:01]} 45. Qf7+ {[%emt 0:00:01]} Kd8 {[%emt 0:00:01]} 46. Qf6+ {[%emt 0:00:01] Czas partii (Lag: Av=0.72s, max=1.3s)} 1-0

[Event "Stay Safe Play From Home 157"]
[Site "T#646177Emanuel Laske"]
[Date "2020.05.19"]
[Round "7"]
[White "Haris kollari 13"]
[Black "Aditya_dpawn"]
[Result "0-1"]
[WhiteElo "1695"]
[BlackElo "1936"]
[Annotator "NA"]
[PlyCount "46"]
[EventDate "2020.05.19"]
[EventType "swiss (blitz)"]

1. e4 {[%emt 0:00:01]} c5 {[%emt 0:00:00]} 2. Nf3 {[%emt 0:00:01]} d6 {[%emt 0:00:01]} 3. d4 {[%emt 0:00:01]} cxd4 {[%emt 0:00:00]} 4. Nxd4 {[%emt 0:00:00]} Nf6 {[%emt 0:00:00]} 5. Nc3 {[%emt 0:00:02]} g6 {[%emt 0:00:00]} 6. f4 {[%emt 0:00:01]} Nc6 {[%emt 0:00:02]} 7. Be3 {[%emt 0:00:01]} Bg7 {[%emt 0:00:01]} 8. Be2 {[%emt 0:00:01]} O-O {[%emt 0:00:01]} 9. h3 {[%emt 0:00:01]} Bd7 {[%emt 0:00:01]} 10. Qd2 {[%emt 0:00:01]} Rc8 {[%emt 0:00:01]} 11. Bf3 {[%emt 0:00:01]} Na5 {[%emt 0:00:01]} 12. b3 {[%emt 0:00:06]} e5 {[%emt 0:00:03]} 13. Nde2 {[%emt 0:00:02]} Qe7 {[%emt 0:00:05]} 14. O-O-O {[%emt 0:00:03]} Rc6 {[%emt 0:00:03]} 15. Kb1 {[%emt 0:00:03]} Rfc8 {[%emt 0:00:01]} 16. Nd5 {[%emt 0:00:11]} Nxd5 {[%emt 0:00:03]} 17. exd5 {[%emt 0:00:01]} Rxc2 {[%emt 0:00:01]} 18. Qxa5 {[%emt 0:00:01]} e4 {[%emt 0:00:06]} 19. Nd4 {[%emt 0:00:15]} exf3 {[%emt 0:00:07]} 20. Nxc2 {[%emt 0:00:02]} Bf5 {[%emt 0:00:01]} 21. Rd2 {[%emt 0:00:04]} Qxe3 {[%emt 0:00:01]} 22. Rhd1 {[%emt 0:00:02]} Rxc2 {[%emt 0:00:07]} 23. Rxc2 {[%emt 0:00:01]} fxg2 {[%emt 0:00:02] Time (Lag: Av=0.57s, max=1.0s) .} 0-1